Loading...
| Literature - European Literature | 0 | 7 | 0 | 0 | 70 | 41 | 76.43 | 1 | 6 |
| Literature - World Literature | 0 | 6 | 0 | 1 | 60 | 49 | 78.00 | 1 | 6 |
| Literature - British Literature | 0 | 6 | 0 | 0 | 60 | 32 | 80.67 | 2 | 4 |
| History - World History | 0 | 6 | 0 | 2 | 60 | 34 | 72.00 | 0 | 3 |
| Mythology | 0 | 6 | 1 | 3 | 55 | 56 | 90.17 | 0 | 3 |
| Religion | 0 | 6 | 1 | 0 | 55 | 34 | 57.50 | 3 | 6 |
| Philosophy | 0 | 4 | 0 | 0 | 40 | 36 | 68.75 | 1 | 2 |
| Science - Physics | 0 | 5 | 2 | 2 | 40 | 50 | 78.00 | 0 | 1 |
| History - American History | 0 | 4 | 1 | 0 | 35 | 33 | 46.75 | 2 | 3 |
| Literature - American Literature | 0 | 4 | 1 | 0 | 35 | 56 | 75.00 | 1 | 3 |
| Science - Chemistry | 0 | 3 | 0 | 0 | 30 | 8 | 32.33 | 1 | 2 |
| Fine Arts - Classical Music | 0 | 3 | 0 | 0 | 30 | 32 | 69.00 | 0 | 2 |
| History - Other History | 0 | 3 | 1 | 1 | 25 | 70 | 91.00 | 0 | 2 |
| Painting/Sculpture | 0 | 3 | 1 | 0 | 25 | 64 | 89.67 | 0 | 1 |
| Science - Other Science | 0 | 3 | 1 | 2 | 25 | 45 | 68.33 | 0 | 3 |
| History - European History | 0 | 3 | 2 | 0 | 20 | 53 | 74.33 | 0 | 2 |
| Science - Biology | 0 | 2 | 0 | 0 | 20 | 56 | 60.00 | 0 | 0 |
| Social Science | 0 | 2 | 1 | 0 | 15 | 36 | 48.50 | 0 | 1 |
| Fine Arts - Other Fine Arts | 0 | 2 | 1 | 1 | 15 | 85 | 101.50 | 0 | 2 |
| Geography | 0 | 2 | 1 | 0 | 15 | 59 | 83.50 | 0 | 1 |
| Current Events | 0 | 2 | 1 | 0 | 15 | 42 | 46.00 | 0 | 2 |